000 00359nam a22001457a 4500
020 _a0-09-187305-3
082 _a823
_bMIC/J
100 _aRATNETT, MICHAEL
100 _aGOULDING, JUNE
245 _aJESSICA HARRIET'S NEW NEIGHTBOURS
260 _aLONDON
_bRANDOM HOUSE CHILDREN'S BOOKS
_c1994
520 _aSHORT STORY
650 _aSHORT STORY
942 _cBK
999 _c5604
_d5604